NHL Award Finalists (2000-2025) - Statistics

General Stats
  • This quiz has been taken 25 times
  • The average score is 272 of 375
Answer Stats
Year Award Finish Team Position Player % Correct
2017-18 Vezina Trophy 3. TBL G Andrei Vasilevskiy
100%
2018-19 Vezina Trophy 1. TBL G Andrei Vasilevskiy
100%
2019-20 Vezina Trophy 3. TBL G Andrei Vasilevskiy
100%
2020-21 Vezina Trophy 2. TBL G Andrei Vasilevskiy
100%
2024-25 Vezina Trophy 2. TBL G Andrei Vasilevskiy
100%
2020-21 Hart Memorial Trophy 2. TOR C Auston Matthews
100%
2021-22 Hart Memorial Trophy 1. TOR C Auston Matthews
100%
2023-24 Frank J. Selke Trophy 3. TOR C Auston Matthews
100%
2016-17 Calder Memorial Trophy 1. TOR C Auston Matthews
100%
2020-21 James Norris Memorial Trophy 2. COL D Cale Makar
100%
2021-22 James Norris Memorial Trophy 1. COL D Cale Makar
100%
2022-23 James Norris Memorial Trophy 3. COL D Cale Makar
100%
2023-24 James Norris Memorial Trophy 3. COL D Cale Makar
100%
2024-25 James Norris Memorial Trophy 1. COL D Cale Makar
100%
2019-20 Calder Memorial Trophy 1. COL D Cale Makar
100%
2024-25 Hart Memorial Trophy 1. WPG G Connor Hellebuyck
100%
2017-18 Vezina Trophy 2. WPG G Connor Hellebuyck
100%
2019-20 Vezina Trophy 1. WPG G Connor Hellebuyck
100%
2022-23 Vezina Trophy 3. WPG G Connor Hellebuyck
100%
2023-24 Vezina Trophy 1. WPG G Connor Hellebuyck
100%
2024-25 Vezina Trophy 1. WPG G Connor Hellebuyck
100%
2016-17 Hart Memorial Trophy 1. EDM C Connor McDavid
100%
2018-19 Hart Memorial Trophy 3. EDM C Connor McDavid
100%
2020-21 Hart Memorial Trophy 1. EDM C Connor McDavid
100%
2021-22 Hart Memorial Trophy 2. EDM C Connor McDavid
100%
2022-23 Hart Memorial Trophy 1. EDM C Connor McDavid
100%
2023-24 Hart Memorial Trophy 3. EDM C Connor McDavid
100%
2015-16 Calder Memorial Trophy 3. EDM C Connor McDavid
100%
2022-23 Hart Memorial Trophy 2. BOS RW David Pastrnak
100%
2022-23 Vezina Trophy 1. BOS G Linus Ullmark
100%
2022-23 Hart Memorial Trophy 3. FLA LW Matthew Tkachuk
100%
2022-23 Frank J. Selke Trophy 3. TOR RW Mitch Marner
100%
2019-20 James Norris Memorial Trophy 1. NSH D Roman Josi
100%
2021-22 James Norris Memorial Trophy 2. NSH D Roman Josi
100%
2023-24 James Norris Memorial Trophy 2. NSH D Roman Josi
100%
2016-17 Hart Memorial Trophy 3. CBJ G Sergei Bobrovsky
100%
2012-13 Vezina Trophy 1. CBJ G Sergei Bobrovsky
100%
2016-17 Vezina Trophy 1. CBJ G Sergei Bobrovsky
100%
2023-24 Vezina Trophy 3. FLA G Sergei Bobrovsky
100%
2020-21 James Norris Memorial Trophy 1. NYR D Adam Fox
94%
2022-23 James Norris Memorial Trophy 2. NYR D Adam Fox
94%
2020-21 Frank J. Selke Trophy 1. FLA C Aleksander Barkov
94%
2021-22 Frank J. Selke Trophy 3. FLA C Aleksander Barkov
94%
2023-24 Frank J. Selke Trophy 1. FLA C Aleksander Barkov
94%
2024-25 Frank J. Selke Trophy 1. FLA C Aleksander Barkov
94%
2023-24 Calder Memorial Trophy 2. MIN D Brock Faber
94%
2023-24 Calder Memorial Trophy 1. CHI C Connor Bedard
94%
2024-25 Calder Memorial Trophy 2. CGY G Dustin Wolf
94%
2021-22 Hart Memorial Trophy 3. NYR G Igor Shesterkin
94%
2021-22 Vezina Trophy 1. NYR G Igor Shesterkin
94%
2024-25 Calder Memorial Trophy 1. MTL D Lane Hutson
94%
2019-20 Hart Memorial Trophy 1. EDM C Leon Draisaitl
94%
2024-25 Hart Memorial Trophy 2. EDM C Leon Draisaitl
94%
2023-24 Calder Memorial Trophy 3. NJD D Luke Hughes
94%
2024-25 Calder Memorial Trophy 3. SJS C Macklin Celebrini
94%
2017-18 Hart Memorial Trophy 2. COL C Nathan MacKinnon
94%
2019-20 Hart Memorial Trophy 2. COL C Nathan MacKinnon
94%
2020-21 Hart Memorial Trophy 3. COL C Nathan MacKinnon
94%
2023-24 Hart Memorial Trophy 1. COL C Nathan MacKinnon
94%
2013-14 Calder Memorial Trophy 1. COL C Nathan MacKinnon
94%
2018-19 Hart Memorial Trophy 1. TBL RW Nikita Kucherov
94%
2023-24 Hart Memorial Trophy 2. TBL RW Nikita Kucherov
94%
2024-25 Hart Memorial Trophy 3. TBL RW Nikita Kucherov
94%
2011-12 Frank J. Selke Trophy 1. BOS C Patrice Bergeron
94%
2012-13 Frank J. Selke Trophy 2. BOS C Patrice Bergeron
94%
2013-14 Frank J. Selke Trophy 1. BOS C Patrice Bergeron
94%
2014-15 Frank J. Selke Trophy 1. BOS C Patrice Bergeron
94%
2015-16 Frank J. Selke Trophy 2. BOS C Patrice Bergeron
94%
2016-17 Frank J. Selke Trophy 1. BOS C Patrice Bergeron
94%
2017-18 Frank J. Selke Trophy 3. BOS C Patrice Bergeron
94%
2018-19 Frank J. Selke Trophy 3. BOS C Patrice Bergeron
94%
2019-20 Frank J. Selke Trophy 2. BOS C Patrice Bergeron
94%
2020-21 Frank J. Selke Trophy 2. BOS C Patrice Bergeron
94%
2021-22 Frank J. Selke Trophy 1. BOS C Patrice Bergeron
94%
2022-23 Frank J. Selke Trophy 1. BOS C Patrice Bergeron
94%
2023-24 James Norris Memorial Trophy 1. VAN D Quinn Hughes
94%
2024-25 James Norris Memorial Trophy 3. VAN D Quinn Hughes
94%
2019-20 Calder Memorial Trophy 2. VAN D Quinn Hughes
94%
2006-07 Hart Memorial Trophy 1. PIT C Sidney Crosby
94%
2009-10 Hart Memorial Trophy 3. PIT C Sidney Crosby
94%
2012-13 Hart Memorial Trophy 2. PIT C Sidney Crosby
94%
2013-14 Hart Memorial Trophy 1. PIT C Sidney Crosby
94%
2015-16 Hart Memorial Trophy 2. PIT C Sidney Crosby
94%
2016-17 Hart Memorial Trophy 2. PIT C Sidney Crosby
94%
2018-19 Hart Memorial Trophy 2. PIT C Sidney Crosby
94%
2005-06 Calder Memorial Trophy 2. PIT C Sidney Crosby
94%
2016-17 James Norris Memorial Trophy 3. TBL D Victor Hedman
94%
2017-18 James Norris Memorial Trophy 1. TBL D Victor Hedman
94%
2018-19 James Norris Memorial Trophy 3. TBL D Victor Hedman
94%
2019-20 James Norris Memorial Trophy 3. TBL D Victor Hedman
94%
2020-21 James Norris Memorial Trophy 3. TBL D Victor Hedman
94%
2021-22 James Norris Memorial Trophy 3. TBL D Victor Hedman
94%
2024-25 James Norris Memorial Trophy 2. CBJ D Zach Werenski
94%
2016-17 Calder Memorial Trophy 3. CBJ D Zach Werenski
94%
2017-18 Hart Memorial Trophy 3. LAK C Anze Kopitar
89%
2013-14 Frank J. Selke Trophy 2. LAK C Anze Kopitar
89%
2014-15 Frank J. Selke Trophy 3. LAK C Anze Kopitar
89%
2015-16 Frank J. Selke Trophy 1. LAK C Anze Kopitar
89%
2017-18 Frank J. Selke Trophy 1. LAK C Anze Kopitar
89%
2019-20 Hart Memorial Trophy 3. NYR LW Artemi Panarin
89%
2015-16 Calder Memorial Trophy 1. CHI LW Artemi Panarin
89%
2014-15 Hart Memorial Trophy 1. MTL G Carey Price
89%
2014-15 Vezina Trophy 1. MTL G Carey Price
89%
2016-17 Vezina Trophy 3. MTL G Carey Price
89%
2022-23 Vezina Trophy 2. NYI G Ilya Sorokin
89%
2015-16 Hart Memorial Trophy 3. DAL LW Jamie Benn
89%
2010-11 Calder Memorial Trophy 1. CAR RW Jeff Skinner
89%
2011-12 Vezina Trophy 2. LAK G Jonathan Quick
89%
2015-16 Vezina Trophy 3. LAK G Jonathan Quick
89%
2009-10 Frank J. Selke Trophy 3. PIT C Jordan Staal
89%
2023-24 Frank J. Selke Trophy 2. CAR C Jordan Staal
89%
2006-07 Calder Memorial Trophy 3. PIT C Jordan Staal
89%
2021-22 Vezina Trophy 3. NSH G Juuse Saros
89%
2020-21 Calder Memorial Trophy 1. MIN LW Kirill Kaprizov
89%
2020-21 Vezina Trophy 1. VEG G Marc-Andre Fleury
89%
2021-22 Calder Memorial Trophy 1. DET D Moritz Seider
89%
2022-23 Calder Memorial Trophy 3. BUF D Owen Power
89%
2015-16 Hart Memorial Trophy 1. CHI RW Patrick Kane
89%
2007-08 Calder Memorial Trophy 1. CHI RW Patrick Kane
89%
2024-25 Frank J. Selke Trophy 2. FLA C Sam Reinhart
89%
2022-23 Calder Memorial Trophy 2. EDM G Stuart Skinner
89%
2023-24 Vezina Trophy 2. VAN G Thatcher Demko
89%
2013-14 Vezina Trophy 3. TBL G Ben Bishop
83%
2015-16 Vezina Trophy 2. TBL G Ben Bishop
83%
2018-19 Vezina Trophy 2. DAL G Ben Bishop
83%
2015-16 Vezina Trophy 1. WSH G Braden Holtby
83%
2016-17 Vezina Trophy 2. WSH G Braden Holtby
83%
2015-16 James Norris Memorial Trophy 3. SJS D Brent Burns
83%
2016-17 James Norris Memorial Trophy 1. SJS D Brent Burns
83%
2018-19 James Norris Memorial Trophy 2. SJS D Brent Burns
83%
2010-11 Hart Memorial Trophy 2. VAN LW Daniel Sedin
83%
2009-10 James Norris Memorial Trophy 3. LAK D Drew Doughty
83%
2014-15 James Norris Memorial Trophy 2. LAK D Drew Doughty
83%
2015-16 James Norris Memorial Trophy 1. LAK D Drew Doughty
83%
2017-18 James Norris Memorial Trophy 2. LAK D Drew Doughty
83%
2018-19 Calder Memorial Trophy 1. VAN C Elias Pettersson
83%
2011-12 James Norris Memorial Trophy 1. OTT D Erik Karlsson
83%
2014-15 James Norris Memorial Trophy 1. OTT D Erik Karlsson
83%
2015-16 James Norris Memorial Trophy 2. OTT D Erik Karlsson
83%
2016-17 James Norris Memorial Trophy 2. OTT D Erik Karlsson
83%
2022-23 James Norris Memorial Trophy 1. SJS D Erik Karlsson
83%
2007-08 Hart Memorial Trophy 2. PIT C Evgeni Malkin
83%
2008-09 Hart Memorial Trophy 2. PIT C Evgeni Malkin
83%
2011-12 Hart Memorial Trophy 1. PIT C Evgeni Malkin
83%
2006-07 Calder Memorial Trophy 1. PIT LW Evgeni Malkin
83%
2011-12 Calder Memorial Trophy 1. COL LW Gabriel Landeskog
83%
2009-10 Hart Memorial Trophy 1. VAN C Henrik Sedin
83%
2021-22 Vezina Trophy 2. CGY G Jacob Markstrom
83%
2020-21 Calder Memorial Trophy 2. DAL LW Jason Robertson
83%
2012-13 Hart Memorial Trophy 3. NYI C John Tavares
83%
2014-15 Hart Memorial Trophy 3. NYI C John Tavares
83%
2010-11 Frank J. Selke Trophy 2. CHI C Jonathan Toews
83%
2012-13 Frank J. Selke Trophy 1. CHI C Jonathan Toews
83%
2013-14 Frank J. Selke Trophy 3. CHI C Jonathan Toews
83%
2014-15 Frank J. Selke Trophy 2. CHI C Jonathan Toews
83%
2007-08 Calder Memorial Trophy 3. CHI C Jonathan Toews
83%
2018-19 Calder Memorial Trophy 2. STL G Jordan Binnington
83%
2002-03 Hart Memorial Trophy 3. NJD G Martin Brodeur
83%
2003-04 Hart Memorial Trophy 3. NJD G Martin Brodeur
83%
2006-07 Hart Memorial Trophy 3. NJD G Martin Brodeur
83%
2000-01 Vezina Trophy 3. NJD G Martin Brodeur
83%
2002-03 Vezina Trophy 1. NJD G Martin Brodeur
83%
2003-04 Vezina Trophy 1. NJD G Martin Brodeur
83%
2005-06 Vezina Trophy 2. NJD G Martin Brodeur
83%
2006-07 Vezina Trophy 1. NJD G Martin Brodeur
83%
2007-08 Vezina Trophy 1. NJD G Martin Brodeur
83%
2009-10 Vezina Trophy 3. NJD G Martin Brodeur
83%
2022-23 Calder Memorial Trophy 1. SEA C Matty Beniers
83%
2022-23 Frank J. Selke Trophy 2. NJD C Nico Hischier
83%
2010-11 Vezina Trophy 2. NSH G Pekka Rinne
83%
2011-12 Vezina Trophy 3. NSH G Pekka Rinne
83%
2014-15 Vezina Trophy 2. NSH G Pekka Rinne
83%
2017-18 Vezina Trophy 1. NSH G Pekka Rinne
83%
2012-13 James Norris Memorial Trophy 1. MTL D PK Subban
83%
2014-15 James Norris Memorial Trophy 3. MTL D PK Subban
83%
2017-18 James Norris Memorial Trophy 3. NSH D PK Subban
83%
2018-19 Calder Memorial Trophy 3. BUF D Rasmus Dahlin
83%
2011-12 Hart Memorial Trophy 2. TBL C Steven Stamkos
83%
2017-18 Hart Memorial Trophy 1. NJD LW Taylor Hall
83%
2013-14 Vezina Trophy 1. BOS G Tuukka Rask
83%
2019-20 Vezina Trophy 2. BOS G Tuukka Rask
83%
2007-08 Hart Memorial Trophy 1. WSH LW Alex Ovechkin
78%
2008-09 Hart Memorial Trophy 1. WSH LW Alex Ovechkin
78%
2009-10 Hart Memorial Trophy 2. WSH LW Alex Ovechkin
78%
2012-13 Hart Memorial Trophy 1. WSH RW Alex Ovechkin
78%
2014-15 Hart Memorial Trophy 2. WSH LW Alex Ovechkin
78%
2005-06 Calder Memorial Trophy 1. WSH LW Alex Ovechkin
78%
2017-18 Calder Memorial Trophy 2. VAN RW Brock Boeser
78%
2013-14 Hart Memorial Trophy 3. PHI C Claude Giroux
78%
2010-11 Hart Memorial Trophy 1. ANA RW Corey Perry
78%
2024-25 Vezina Trophy 3. LAK G Darcy Kuemper
78%
2005-06 Hart Memorial Trophy 1. BOS/SJS C Joe Thornton
78%
2019-20 James Norris Memorial Trophy 2. WSH D John Carlson
78%
2012-13 James Norris Memorial Trophy 3. PIT D Kris Letang
78%
2018-19 James Norris Memorial Trophy 1. CGY D Mark Giordano
78%
2018-19 Frank J. Selke Trophy 2. OTT/VEG RW Mark Stone
78%
2020-21 Frank J. Selke Trophy 3. VEG RW Mark Stone
78%
2014-15 Calder Memorial Trophy 2. OTT RW Mark Stone
78%
2017-18 Calder Memorial Trophy 1. NYI C Mathew Barzal
78%
2006-07 Hart Memorial Trophy 2. VAN G Roberto Luongo
78%
2003-04 Vezina Trophy 3. FLA G Roberto Luongo
78%
2006-07 Vezina Trophy 2. VAN G Roberto Luongo
78%
2010-11 Vezina Trophy 3. VAN G Roberto Luongo
78%
2013-14 Hart Memorial Trophy 2. ANA C Ryan Getzlaf
78%
2011-12 Calder Memorial Trophy 2. EDM C Ryan Nugent-Hopkins
78%
2017-18 Frank J. Selke Trophy 2. PHI C Sean Couturier
78%
2019-20 Frank J. Selke Trophy 1. PHI C Sean Couturier
78%
2008-09 Vezina Trophy 1. BOS G Tim Thomas
78%
2010-11 Vezina Trophy 1. BOS G Tim Thomas
78%
2003-04 James Norris Memorial Trophy 2. OTT D Zdeno Chara
78%
2007-08 James Norris Memorial Trophy 3. BOS D Zdeno Chara
78%
2008-09 James Norris Memorial Trophy 1. BOS D Zdeno Chara
78%
2010-11 James Norris Memorial Trophy 3. BOS D Zdeno Chara
78%
2011-12 James Norris Memorial Trophy 3. BOS D Zdeno Chara
78%
2013-14 James Norris Memorial Trophy 2. BOS D Zdeno Chara
78%
2009-10 James Norris Memorial Trophy 1. CHI D Duncan Keith
72%
2013-14 James Norris Memorial Trophy 1. CHI D Duncan Keith
72%
2011-12 Hart Memorial Trophy 3. NYR G Henrik Lundqvist
72%
2005-06 Vezina Trophy 3. NYR G Henrik Lundqvist
72%
2007-08 Vezina Trophy 3. NYR G Henrik Lundqvist
72%
2011-12 Vezina Trophy 1. NYR G Henrik Lundqvist
72%
2012-13 Vezina Trophy 2. NYR G Henrik Lundqvist
72%
2001-02 Hart Memorial Trophy 2. CGY RW Jarome Iginla
72%
2003-04 Hart Memorial Trophy 2. CGY RW Jarome Iginla
72%
2007-08 Hart Memorial Trophy 3. CGY RW Jarome Iginla
72%
1999-00 Hart Memorial Trophy 2. PIT RW Jaromir Jagr
72%
2000-01 Hart Memorial Trophy 3. PIT RW Jaromir Jagr
72%
2005-06 Hart Memorial Trophy 2. NYR RW Jaromir Jagr
72%
2000-01 Hart Memorial Trophy 1. COL C Joe Sakic
72%
2000-01 Frank J. Selke Trophy 2. COL C Joe Sakic
72%
2014-15 Calder Memorial Trophy 3. CGY LW Johnny Gaudreau
72%
2012-13 Calder Memorial Trophy 1. FLA C Jonathan Huberdeau
72%
2000-01 Hart Memorial Trophy 2. PIT C Mario Lemieux
72%
1999-00 James Norris Memorial Trophy 2. DET D Nicklas Lidstrom
72%
2000-01 James Norris Memorial Trophy 1. DET D Nicklas Lidstrom
72%
2001-02 James Norris Memorial Trophy 1. DET D Nicklas Lidstrom
72%
2002-03 James Norris Memorial Trophy 1. DET D Nicklas Lidstrom
72%
2005-06 James Norris Memorial Trophy 1. DET D Nicklas Lidstrom
72%
2006-07 James Norris Memorial Trophy 1. DET D Nicklas Lidstrom
72%
2007-08 James Norris Memorial Trophy 1. DET D Nicklas Lidstrom
72%
2008-09 James Norris Memorial Trophy 3. DET D Nicklas Lidstrom
72%
2010-11 James Norris Memorial Trophy 1. DET D Nicklas Lidstrom
72%
2001-02 Hart Memorial Trophy 3. COL G Patrick Roy
72%
2001-02 Vezina Trophy 2. COL G Patrick Roy
72%
2008-09 Hart Memorial Trophy 3. DET C Pavel Datsyuk
72%
2007-08 Frank J. Selke Trophy 1. DET C Pavel Datsyuk
72%
2008-09 Frank J. Selke Trophy 1. DET C Pavel Datsyuk
72%
2009-10 Frank J. Selke Trophy 1. DET C Pavel Datsyuk
72%
2010-11 Frank J. Selke Trophy 3. DET C Pavel Datsyuk
72%
2011-12 Frank J. Selke Trophy 3. DET C Pavel Datsyuk
72%
2012-13 Frank J. Selke Trophy 3. DET C Pavel Datsyuk
72%
2008-09 Frank J. Selke Trophy 3. VAN C Ryan Kesler
72%
2009-10 Frank J. Selke Trophy 2. VAN C Ryan Kesler
72%
2010-11 Frank J. Selke Trophy 1. VAN C Ryan Kesler
72%
2015-16 Frank J. Selke Trophy 3. ANA C Ryan Kesler
72%
2016-17 Frank J. Selke Trophy 2. ANA C Ryan Kesler
72%
2018-19 Frank J. Selke Trophy 1. STL C Ryan O'Reilly
72%
2019-20 Frank J. Selke Trophy 3. STL C Ryan O'Reilly
72%
2010-11 James Norris Memorial Trophy 2. NSH D Shea Weber
72%
2011-12 James Norris Memorial Trophy 2. NSH D Shea Weber
72%
2013-14 James Norris Memorial Trophy 3. NSH D Shea Weber
72%
2021-22 Calder Memorial Trophy 2. ANA C Trevor Zegras
72%
2024-25 Frank J. Selke Trophy 3. TBL C Anthony Cirelli
67%
2001-02 Hart Memorial Trophy 1. MTL G Jose Theodore
67%
2001-02 Vezina Trophy 1. MTL G Jose Theodore
67%
2003-04 Hart Memorial Trophy 1. TBL RW Martin St. Louis
67%
2010-11 Hart Memorial Trophy 3. TBL RW Martin St. Louis
67%
2005-06 Hart Memorial Trophy 3. CGY G Miikka Kiprusoff
67%
2003-04 Vezina Trophy 2. CGY G Miikka Kiprusoff
67%
2005-06 Vezina Trophy 1. CGY G Miikka Kiprusoff
67%
2006-07 Vezina Trophy 3. CGY G Miikka Kiprusoff
67%
2007-08 Calder Memorial Trophy 2. WSH C Nicklas Backstrom
67%
2008-09 Vezina Trophy 3. MIN G Niklas Backstrom
67%
2016-17 Calder Memorial Trophy 2. WPG RW Patrik Laine
67%
2009-10 Vezina Trophy 1. BUF G Ryan Miller
67%
2014-15 Calder Memorial Trophy 1. FLA D Aaron Ekblad
61%
1999-00 Hart Memorial Trophy 1. STL D Chris Pronger
61%
1999-00 James Norris Memorial Trophy 1. STL D Chris Pronger
61%
2003-04 James Norris Memorial Trophy 3. STL D Chris Pronger
61%
2006-07 James Norris Memorial Trophy 3. ANA D Chris Pronger
61%
2000-01 Vezina Trophy 1. BUF G Dominik Hasek
61%
2021-22 Frank J. Selke Trophy 2. CGY C Elias Lindholm
61%
1999-00 Hart Memorial Trophy 3. FLA RW Pavel Bure
61%
2002-03 Hart Memorial Trophy 1. COL C Peter Forsberg
61%
1999-00 James Norris Memorial Trophy 3. LAK D Rob Blake
61%
2001-02 James Norris Memorial Trophy 3. COL D Rob Blake
61%
2005-06 Frank J. Selke Trophy 1. CAR C Rod Brind'Amour
61%
2006-07 Frank J. Selke Trophy 1. CAR C Rod Brind'Amour
61%
2012-13 James Norris Memorial Trophy 2. MIN D Ryan Suter
61%
2003-04 James Norris Memorial Trophy 1. NJD D Scott Niedermayer
61%
2005-06 James Norris Memorial Trophy 2. MDA D Scott Niedermayer
61%
2006-07 James Norris Memorial Trophy 2. ANA D Scott Niedermayer
61%
2002-03 James Norris Memorial Trophy 2. STL D Al MacInnis
56%
2017-18 Calder Memorial Trophy 3. ARI C Clayton Keller
56%
2007-08 Vezina Trophy 2. SJS G Evgeni Nabokov
56%
2000-01 Calder Memorial Trophy 1. SJS G Evgeni Nabokov
56%
2007-08 Frank J. Selke Trophy 3. DET LW Henrik Zetterberg
56%
2002-03 Calder Memorial Trophy 2. DET LW Henrik Zetterberg
56%
2001-02 Calder Memorial Trophy 2. ATL LW Ilya Kovalchuk
56%
2010-11 Calder Memorial Trophy 2. SJS C Logan Couture
56%
2016-17 Frank J. Selke Trophy 3. MIN C Mikko Koivu
56%
2008-09 Vezina Trophy 2. CBJ G Steve Mason
56%
2008-09 Calder Memorial Trophy 1. CBJ G Steve Mason
56%
1999-00 Frank J. Selke Trophy 1. DET C Steve Yzerman
56%
2009-10 Calder Memorial Trophy 1. BUF D Tyler Myers
56%
2000-01 Calder Memorial Trophy 2. TBL C Brad Richards
50%
2014-15 Vezina Trophy 3. ARI/MIN G Devan Dubnyk
50%
2009-10 Calder Memorial Trophy 2. DET G Jimmy Howard
50%
2002-03 Hart Memorial Trophy 2. VAN LW Markus Naslund
50%
2008-09 James Norris Memorial Trophy 2. WSH D Mike Green
50%
2009-10 James Norris Memorial Trophy 2. WSH D Mike Green
50%
2000-01 Frank J. Selke Trophy 3. DAL C Mike Modano
50%
2008-09 Frank J. Selke Trophy 2. PHI C Mike Richards
50%
1999-00 Vezina Trophy 1. WSH G Olaf Kolzig
50%
2000-01 James Norris Memorial Trophy 2. COL D Ray Bourque
50%
2013-14 Vezina Trophy 2. COL G Semyon Varlamov
50%
2013-14 Calder Memorial Trophy 3. TBL C Tyler Johnson
50%
2012-13 Vezina Trophy 3. SJS G Antti Niemi
44%
2012-13 Calder Memorial Trophy 2. MTL RW Brendan Gallagher
44%
2001-02 Calder Memorial Trophy 1. ATL RW Dany Heatley
44%
2011-12 Frank J. Selke Trophy 2. STL RW David Backes
44%
2002-03 Vezina Trophy 3. TOR G Ed Belfour
44%
2020-21 Vezina Trophy 3. COL G Philipp Grubauer
44%
2002-03 Calder Memorial Trophy 3. CBJ LW Rick Nash
44%
1999-00 Vezina Trophy 3. TOR G Curtis Joseph
39%
2007-08 James Norris Memorial Trophy 2. CGY D Dion Phaneuf
39%
2005-06 Calder Memorial Trophy 3. CGY D Dion Phaneuf
39%
2002-03 Vezina Trophy 2. DAL G Marty Turco
39%
2009-10 Calder Memorial Trophy 3. COL C Matt Duchene
39%
2013-14 Calder Memorial Trophy 2. TBL LW Ondrej Palat
39%
2000-01 James Norris Memorial Trophy 3. NJD D Scott Stevens
39%
2020-21 Calder Memorial Trophy 3. CAR G Alex Nedeljkovic
33%
2002-03 Calder Memorial Trophy 1. STL D Barret Jackman
33%
2019-20 Calder Memorial Trophy 3. CHI LW Dominik Kubalik
33%
2009-10 Vezina Trophy 2. PHX G Ilya Bryzgalov
33%
2001-02 Frank J. Selke Trophy 3. DAL RW Jere Lehtinen
33%
2002-03 Frank J. Selke Trophy 1. DAL RW Jere Lehtinen
33%
2005-06 Frank J. Selke Trophy 2. DAL RW Jere Lehtinen
33%
2000-01 Vezina Trophy 2. PHI G Roman Cechmanek
33%
2005-06 James Norris Memorial Trophy 3. DAL D Sergei Zubov
33%
2003-04 Calder Memorial Trophy 1. BOS G Andrew Raycroft
28%
2008-09 Calder Memorial Trophy 2. ANA RW Bobby Ryan
28%
2021-22 Calder Memorial Trophy 3. TOR LW Michael Bunting
28%
2018-19 Vezina Trophy 3. NYI G Robin Lehner
28%
1999-00 Calder Memorial Trophy 1. NJD C Scott Gomez
28%
2015-16 Calder Memorial Trophy 2. PHI D Shayne Gostisbehere
28%
2011-12 Calder Memorial Trophy 3. NJD C Adam Henrique
22%
2012-13 Calder Memorial Trophy 3. CHI LW Brandon Saad
22%
2002-03 James Norris Memorial Trophy 3. DAL D Derian Hatcher
22%
2003-04 Frank J. Selke Trophy 1. DET C Kris Draper
22%
2010-11 Calder Memorial Trophy 3. NYI RW Michael Grabner
22%
2001-02 James Norris Memorial Trophy 2. DET D Chris Chelios
17%
2000-01 Frank J. Selke Trophy 1. NJD LW John Madden
17%
2002-03 Frank J. Selke Trophy 2. NJD C John Madden
17%
2003-04 Frank J. Selke Trophy 2. NJD C John Madden
17%
2007-08 Frank J. Selke Trophy 2. NJD C John Madden
17%
2001-02 Frank J. Selke Trophy 1. NYI C Michael Peca
17%
2006-07 Calder Memorial Trophy 2. COL C Paul Stastny
17%
1999-00 Vezina Trophy 2. STL G Roman Turek
17%
2001-02 Vezina Trophy 3. PHX G Sean Burke
17%
2001-02 Frank J. Selke Trophy 2. CGY C Craig Conroy
11%
2000-01 Calder Memorial Trophy 3. OTT RW Martin Havlat
11%
2005-06 Frank J. Selke Trophy 3. OTT C Mike Fisher
11%
2002-03 Frank J. Selke Trophy 3. MIN C Wes Walz
11%
1999-00 Calder Memorial Trophy 2. SJS D Brad Stuart
6%
2006-07 Frank J. Selke Trophy 3. NJD LW Jay Pandolfo
6%
1999-00 Frank J. Selke Trophy 3. SJS C Mike Ricci
6%
2006-07 Frank J. Selke Trophy 2. ANA C Samuel Pahlsson
6%
2003-04 Calder Memorial Trophy 3. NYI RW Trent Hunter
6%
2003-04 Frank J. Selke Trophy 3. SJS C Alyn McCauley
0%
2001-02 Calder Memorial Trophy 3. FLA LW Kristian Huselius
0%
2008-09 Calder Memorial Trophy 3. CHI LW Kris Versteeg
0%
2003-04 Calder Memorial Trophy 2. MTL RW Michael Ryder
0%
1999-00 Frank J. Selke Trophy 2. STL C Michal Handzus
0%
1999-00 Calder Memorial Trophy 3. NYR C Mike York
0%
No matching quizzes found
Score Distribution
Percent of People with Each Score
Percentile by Number Answered
Your Score History
You have not taken this quiz